| 000 | 00450nam a2200193Ia 4500 | ||
|---|---|---|---|
| 008 | 240510s9999 xx 000 0 und d | ||
| 020 | _a0000801606020 | ||
| 041 | _aEng | ||
| 082 | _a658.8 | ||
| 082 | _bB26 | ||
| 100 | _aBERKOWITZ,E.N.; KERIN,R.A.; RUDELIUS,W. | ||
| 245 | 0 | _aMarketing | |
| 260 | _bUSA,Times Mirror/Mosby College Publishing | ||
| 260 | _c1986 | ||
| 300 | _a747 p. | ||
| 650 | _aMarketing | ||
| 942 | _2ddc | ||
| 942 | _cLBK | ||
| 999 |
_c28955 _d28955 |
||
| 945 |
_a1 _bMadushi Gamage _c1 _dMadushi Gamage |
||